[Event "Titled Tue 3rd Jun Early"]
[Site "chess.com INT"]
[Date "2025.06.03"]
[Round "6"]
[White "Khandhadia, Nivaan Rathin"]
[Black "Belov, Alexei"]
[Result "0-1"]
[WhiteTitle "CM"]
[BlackTitle "IM"]
[WhiteElo "2112"]
[BlackElo "2421"]
[WhiteFideId "25753274"]
[BlackFideId "4128206"]
[EventDate "2025.06.03"]

1. d4 d5 2. c4 e6 3. Nf3 Nf6 4. Nc3 Be7 5. Bf4 O-O 6. c5 c6 7. e3 Nbd7 8. h3 b6
9. b4 a5 10. b5 Bb7 11. bxc6 Bxc6 12. cxb6 Bb4 13. Rc1 Ne4 14. Bc7 Nxc3 15. Rxc3
Bxc3+ 16. Nd2 Qe7 17. Bd3 Qb4 18. Ke2 Nxb6 19. Bxb6 Qxb6 20. Nf3 Bb5 21. Qc2
Bxd3+ 22. Qxd3 Qb2+ 23. Kd1 Rab8 24. Qc2 Qa1+ 0-1

[Event "Titled Tue 3rd Jun Early"]
[Site "chess.com INT"]
[Date "2025.06.03"]
[Round "6"]
[White "Calvo Gonzalez, Jose Felix"]
[Black "Asish Panda"]
[Result "0-1"]
[WhiteTitle "CM"]
[WhiteElo "2168"]
[BlackElo "1911"]
[WhiteFideId "54505615"]
[BlackFideId "45012458"]
[EventDate "2025.06.03"]

1. e4 e6 2. d4 d5 3. Nc3 Nf6 4. e5 Nfd7 5. Qh5 c5 6. Nf3 cxd4 7. Nxd4 Nc6 8.
Nxe6 Qb6 9. Nxf8 Nxf8 10. Nxd5 Qa5+ 11. Nc3 Nxe5 12. Be2 g6 13. Qg5 Ne6 14. Qf6
O-O 15. O-O Nd7 16. Qh4 Nb6 17. Bh6 Re8 18. Rfe1 Bd7 19. Bg4 Qb4 20. Bxe6 Qxh4 0-1

[Event "Titled Tue 3rd Jun Early"]
[Site "chess.com INT"]
[Date "2025.06.03"]
[Round "6"]
[White "Berikkyzy Alanna"]
[Black "Hossain, Enamul"]
[Result "0-1"]
[WhiteTitle "WFM"]
[BlackTitle "GM"]
[WhiteElo "2104"]
[BlackElo "2348"]
[WhiteFideId "13780719"]
[BlackFideId "10200649"]
[EventDate "2025.06.03"]

1. e4 e6 2. d4 d5 3. e5 c5 4. c3 Nc6 5. Nf3 Bd7 6. Be2 Qc7 7. O-O f6 8. exf6
Nxf6 9. dxc5 Bxc5 10. b4 Bd6 11. b5 Ne5 12. h3 O-O 13. Nxe5 Bxe5 14. Bb2 Ne4 15.
Qe1 Rxf2 16. Rxf2 Bg3 17. Qd1 Bxf2+ 18. Kf1 Rf8 19. Bf3 Bxb5+ 0-1

[Event "Titled Tue 3rd Jun Early"]
[Site "chess.com INT"]
[Date "2025.06.03"]
[Round "6"]
[White "Azizoglu, Ferzan"]
[Black "Sanhueza, Cristian"]
[Result "0-1"]
[BlackTitle "FM"]
[WhiteElo "2055"]
[BlackElo "2182"]
[WhiteFideId "6302726"]
[BlackFideId "116815"]
[EventDate "2025.06.03"]

1. e4 e5 2. Nf3 d5 3. Nxe5 dxe4 4. Nc3 Qd4 5. Nc4 Nf6 6. Be2 Nc6 7. O-O Be6 8.
b3 O-O-O 9. Bb2 Bxc4 10. Bxc4 Ne5 11. Na4 Qd6 12. Bxe5 Qxe5 13. Bxf7 Bd6 14. g3
h5 15. Kg2 h4 16. Nc3 hxg3 17. hxg3 e3 18. d4 Qe7 19. Bg6 exf2 20. Rxf2 Bxg3 21.
Rf1 0-1

[Event "Titled Tue 3rd Jun Early"]
[Site "chess.com INT"]
[Date "2025.06.03"]
[Round "6"]
[White "Ocampos, Ian"]
[Black "Huseynova, Lala"]
[Result "0-1"]
[BlackTitle "WFM"]
[WhiteElo "2219"]
[BlackElo "2123"]
[WhiteFideId "117544"]
[BlackFideId "13431781"]
[EventDate "2025.06.03"]

1. e4 c5 2. d4 cxd4 3. c3 dxc3 4. Nxc3 Nc6 5. Bc4 g6 6. Nf3 Bg7 7. e5 e6 8. Bf4
Nge7 9. O-O O-O 10. Ne4 Nf5 11. g4 Nfe7 12. Nf6+ Kh8 13. Ng5 h6 14. Nge4 g5 15.
Bg3 Ng6 16. Qc2 Ncxe5 17. Bxe5 Nxe5 18. Nxg5 Ng6 19. Nxf7+ Rxf7 20. Qxg6 Qxf6
21. Qxf6 Bxf6 22. f4 Bxb2 23. Rab1 Bd4+ 24. Kg2 d5 25. Bd3 Be3 26. f5 exf5 27.
gxf5 b6 28. Rf3 d4 29. Be4 Bb7 30. Bxb7 Rxb7 0-1

[Event "Titled Tue 3rd Jun Early"]
[Site "chess.com INT"]
[Date "2025.06.03"]
[Round "6"]
[White "Mora Munoz, Alejandro"]
[Black "Rahman, Masruri"]
[Result "0-1"]
[WhiteTitle "FM"]
[BlackTitle "FM"]
[WhiteElo "2147"]
[BlackElo "2407"]
[WhiteFideId "4469844"]
[BlackFideId "7101163"]
[EventDate "2025.06.03"]

1. e4 e6 2. d4 d5 3. Nd2 c5 4. exd5 Qxd5 5. Ngf3 cxd4 6. Bc4 Qd6 7. O-O Nf6 8.
Nb3 Nc6 9. Nbxd4 Nxd4 10. Nxd4 Bd7 11. c3 Qc7 12. Bb3 Bd6 13. h3 Bh2+ 14. Kh1
Bf4 15. Qf3 Bxc1 16. Raxc1 O-O-O 17. Rfd1 Kb8 18. Qe3 h5 19. f4 h4 20. Qe5 Qxe5
21. fxe5 Ne4 22. Kh2 Bc6 23. Rf1 Rd7 24. Rf4 Nc5 25. Rcf1 Rh5 26. Rxf7 Rxe5 27.
Nxc6+ bxc6 28. Rxd7 Nxd7 29. Rf7 Nc5 30. Bc4 Re4 31. Bf1 Re1 32. g3 Rb1 33. Rf2
hxg3+ 0-1

[Event "Titled Tue 3rd Jun Early"]
[Site "chess.com INT"]
[Date "2025.06.03"]
[Round "6"]
[White "Squella Lavin, Carlos Felipe"]
[Black "Golsta, Madara"]
[Result "1-0"]
[WhiteTitle "FM"]
[WhiteElo "2230"]
[BlackElo "1999"]
[WhiteFideId "3406792"]
[BlackFideId "11607386"]
[EventDate "2025.06.03"]

1. d4 d5 2. c4 dxc4 3. e3 c5 4. Bxc4 cxd4 5. exd4 e6 6. Nf3 Nc6 7. O-O Nf6 8.
Nc3 Be7 9. Re1 O-O 10. a3 b6 11. d5 exd5 12. Nxd5 Nxd5 13. Bxd5 Bb7 14. Bf4 Bf6
15. Rc1 Rc8 16. Re2 Re8 17. Rd2 Qe7 18. Rdc2 Na5 19. Bxb7 Qxb7 20. b4 Nc6 21.
Qd5 Red8 22. Qe4 Re8 23. Rxc6 1-0

[Event "Titled Tue 3rd Jun Early"]
[Site "chess.com INT"]
[Date "2025.06.03"]
[Round "6"]
[White "Injac, Teodora"]
[Black "Hayrapetyan, Artavazd R."]
[Result "0-1"]
[WhiteTitle "IM"]
[BlackTitle "FM"]
[WhiteElo "2474"]
[BlackElo "2350"]
[WhiteFideId "932400"]
[BlackFideId "13304240"]
[EventDate "2025.06.03"]

1. d4 d6 2. Nf3 Nc6 3. c4 e5 4. dxe5 Nxe5 5. Nxe5 dxe5 6. Qxd8+ Kxd8 7. Nc3 c6
8. Bd2 Be6 9. O-O-O Kc7 10. e3 Nf6 11. h3 Nd7 12. g4 a5 13. f4 f6 14. b3 h5 15.
f5 Bf7 16. Bg2 a4 17. Nxa4 Bxc4 18. Nc3 Bd3 19. Be1 Ba3+ 20. Kd2 Nc5 21. e4 hxg4
22. hxg4 Rxh1 23. Bxh1 Rh8 24. Bf2 Rh2 25. Ke3 Bb4 26. Na4 Nxa4 27. bxa4 Bc2 28.
Rf1 Bc5+ 29. Kf3 Bxf2 30. Rxf2 Bxe4+ 0-1

[Event "Titled Tue 3rd Jun Early"]
[Site "chess.com INT"]
[Date "2025.06.03"]
[Round "6"]
[White "Waldhausen Gordon, Frederick"]
[Black "Galchenko, Matvey"]
[Result "0-1"]
[WhiteTitle "FM"]
[BlackTitle "IM"]
[WhiteElo "2397"]
[BlackElo "2442"]
[WhiteFideId "2409143"]
[BlackFideId "24175480"]
[EventDate "2025.06.03"]

1. Nf3 c5 2. e3 Nf6 3. d4 d5 4. b3 cxd4 5. exd4 Nc6 6. Bb2 Bg4 7. Nbd2 e6 8. Be2
Bd6 9. h3 Bxf3 10. Bxf3 Rc8 11. c3 O-O 12. O-O b5 13. a4 a6 14. axb5 axb5 15. b4
e5 16. dxe5 Bxe5 17. Qe2 Nxb4 18. Qxe5 Nd3 19. Qe2 Nxb2 20. Qxb5 Rb8 21. Qa6 Qc7
22. Rfc1 Qf4 23. Rc2 Qf5 24. Rcc1 Nd3 25. Rcb1 Nf4 26. Rxb8 Rxb8 27. Qd6 Re8 28.
Ra4 Nxh3+ 29. gxh3 Qg5+ 30. Bg2 Qxd2 31. c4 Qd1+ 0-1

[Event "Titled Tue 3rd Jun Early"]
[Site "chess.com INT"]
[Date "2025.06.03"]
[Round "6"]
[White "Terlouw, Wouter"]
[Black "Deveci, Huseyin Said"]
[Result "1-0"]
[WhiteTitle "CM"]
[BlackTitle "CM"]
[WhiteElo "2227"]
[BlackElo "2212"]
[WhiteFideId "1087401"]
[BlackFideId "26322455"]
[EventDate "2025.06.03"]

1. Nc3 e5 2. Nf3 Nc6 3. d4 exd4 4. Nxd4 Nf6 5. Nxc6 bxc6 6. g3 Bb4 7. Bg2 O-O 8.
O-O d5 9. a3 Bxc3 10. bxc3 Bf5 11. a4 Be4 12. Ba3 Re8 13. c4 Bxg2 14. Kxg2 dxc4
15. e3 Qd5+ 16. Qf3 Ne4 17. Rfd1 Qa5 18. Rd4 f5 19. Rad1 h6 20. Rxc4 Re6 21. Rd7
Rae8 22. Bb2 Rg6 23. Qh5 Ree6 24. Rxe4 Rg5 25. Rxe6 Rxh5 26. Re8+ Kh7 27. Rxg7# 1-0

[Event "Titled Tue 3rd Jun Early"]
[Site "chess.com INT"]
[Date "2025.06.03"]
[Round "6"]
[White "Velikanov, Alexander"]
[Black "Turcsanyi, Vince Gergo"]
[Result "1-0"]
[WhiteTitle "IM"]
[BlackTitle "FM"]
[WhiteElo "2372"]
[BlackElo "2321"]
[WhiteFideId "2039290"]
[BlackFideId "791784"]
[EventDate "2025.06.03"]

1. e4 d6 2. d4 Nf6 3. Nc3 c6 4. Nge2 Qa5 5. Bd2 e5 6. h3 Be7 7. g4 O-O 8. Bg2
Qc7 9. O-O b5 10. a3 Re8 11. f4 exd4 12. Nxd4 Bf8 13. g5 Nfd7 14. Nf5 Nb6 15. h4
d5 16. Ng3 dxe4 17. Ncxe4 Nc4 18. Bc3 Ne3 19. Qd3 Nxf1 20. Nh5 f5 21. gxf6 g6
22. f7+ Kxf7 23. Ng5+ 1-0

[Event "Titled Tue 3rd Jun Early"]
[Site "chess.com INT"]
[Date "2025.06.03"]
[Round "6"]
[White "Sheehan, Ethan"]
[Black "Herrera Ortiz, Miguel"]
[Result "1-0"]
[BlackTitle "IM"]
[WhiteElo "2380"]
[BlackElo "2174"]
[WhiteFideId "30943965"]
[BlackFideId "5100550"]
[EventDate "2025.06.03"]

1. e4 e6 2. d4 d5 3. Nd2 c5 4. Ngf3 a6 5. c3 Nc6 6. dxc5 Bxc5 7. Bd3 Nge7 8. O-O
O-O 9. Qe2 h6 10. Rd1 Qc7 11. b4 Ba7 12. a3 Bd7 13. Bb2 b5 14. g3 Ne5 15. Nxe5
Qxe5 16. Nf3 Qc7 17. exd5 Nxd5 18. c4 bxc4 19. Bxc4 Bc6 20. Rac1 Rfe8 21. Ne5
Nf6 22. Bd3 1-0

[Event "Titled Tue 3rd Jun Early"]
[Site "chess.com INT"]
[Date "2025.06.03"]
[Round "6"]
[White "Cordoba Roa, Angel Gabriel"]
[Black "Bozorov, Javohir"]
[Result "1-0"]
[WhiteTitle "FM"]
[BlackTitle "FM"]
[WhiteElo "2394"]
[BlackElo "2093"]
[WhiteFideId "3957624"]
[BlackFideId "14216957"]
[EventDate "2025.06.03"]

1. e4 c5 2. Nf3 d6 3. d4 cxd4 4. Nxd4 Nf6 5. Nc3 a6 6. Bg5 e6 7. f4 Be7 8. Qf3
Qc7 9. O-O-O Nbd7 10. f5 Ne5 11. Qh3 exf5 12. exf5 b5 13. Bxf6 Bxf6 14. Bxb5+
axb5 15. Ndxb5 Qb6 16. Nxd6+ Kf8 17. Rhe1 Bb7 18. Qg3 Nc6 19. Nxb7 Qxb7 20. Qd6+
Be7 21. Rxe7 Qxe7 22. Qxc6 g6 23. Qxa8+ Kg7 24. Qf3 Qe5 25. f6+ Kh6 26. Qh3+ Kg5
27. Rd5 1-0

[Event "Titled Tue 3rd Jun Early"]
[Site "chess.com INT"]
[Date "2025.06.03"]
[Round "6"]
[White "Andrews, Todd"]
[Black "Mendonca, Leon Luke"]
[Result "0-1"]
[WhiteTitle "FM"]
[BlackTitle "GM"]
[WhiteElo "2097"]
[BlackElo "2630"]
[WhiteFideId "2012456"]
[BlackFideId "35028561"]
[EventDate "2025.06.03"]

1. d4 Nf6 2. c4 e6 3. Nf3 b6 4. e3 Bb7 5. Bd3 d5 6. O-O Nbd7 7. b3 dxc4 8. bxc4
c5 9. Bb2 Be7 10. Nbd2 O-O 11. Qe2 Re8 12. Rad1 Qc7 13. Ne5 cxd4 14. exd4 Nxe5
15. dxe5 Nd7 16. f4 Nc5 17. Bb1 g6 18. Kh1 Qc6 19. Rf3 Rad8 20. Rg3 Rd7 21. Re1
Red8 22. Nf3 Nd3 23. Bxd3 Rxd3 24. h4 Qxc4 25. h5 Qxf4 26. Rh3 Rd2 27. Nxd2 Rxd2
28. hxg6 hxg6 29. Rf1 Rxe2 0-1

[Event "Titled Tue 3rd Jun Early"]
[Site "chess.com INT"]
[Date "2025.06.03"]
[Round "6"]
[White "Karpenko, Anton"]
[Black "Philipp, Mathias"]
[Result "1-0"]
[WhiteTitle "CM"]
[BlackTitle "CM"]
[WhiteElo "2218"]
[BlackElo "2159"]
[WhiteFideId "34374353"]
[BlackFideId "12958883"]
[EventDate "2025.06.03"]

1. e4 c5 2. Nf3 Nc6 3. d4 cxd4 4. Nxd4 Nf6 5. Nc3 e5 6. Ndb5 d6 7. Nd5 Nxd5 8.
exd5 Ne7 9. c4 Ng6 10. Qa4 Bd7 11. Qb4 Bc8 12. Bg5 f6 13. Be3 a6 14. Nc3 Be7 15.
h4 O-O 16. h5 Nh8 17. Bd3 f5 18. Bb6 Qd7 19. O-O-O Bf6 20. Bc2 Nf7 21. Na4 e4
22. Be3 Qe7 23. Nb6 Rb8 24. c5 Be5 25. Nc4 Rd8 26. Nxe5 Nxe5 27. cxd6 Qxd6 28.
Qxd6 Rxd6 29. Bf4 1-0

[Event "Titled Tue 3rd Jun Early"]
[Site "chess.com INT"]
[Date "2025.06.03"]
[Round "6"]
[White "Gurevich, Dmitry"]
[Black "Agarwal, Amaya"]
[Result "1-0"]
[WhiteTitle "GM"]
[BlackTitle "WCM"]
[WhiteElo "2347"]
[BlackElo "2004"]
[WhiteFideId "2000407"]
[BlackFideId "48733580"]
[EventDate "2025.06.03"]

1. d4 d5 2. c4 e6 3. Nc3 Be7 4. Nf3 Nf6 5. Bf4 O-O 6. e3 Nbd7 7. cxd5 exd5 8.
Bd3 c6 9. h3 b6 10. Qc2 h6 11. O-O Bb7 12. Rac1 Rc8 13. Rfd1 c5 14. dxc5 bxc5
15. Qa4 a5 16. Bf5 Bc6 17. Qb3 g5 18. Bg3 c4 19. Qc2 Ra8 20. Nd4 Bb7 21. Ndb5
Bc6 22. Nc7 Rc8 23. N7xd5 Bxd5 24. Nxd5 Nxd5 25. Rxd5 1-0

[Event "Titled Tue 3rd Jun Early"]
[Site "chess.com INT"]
[Date "2025.06.03"]
[Round "6"]
[White "Lissillour, Baptiste"]
[Black "Smirnov, Mark"]
[Result "0-1"]
[WhiteTitle "FM"]
[BlackTitle "FM"]
[WhiteElo "2318"]
[BlackElo "2348"]
[WhiteFideId "45179620"]
[BlackFideId "13764594"]
[EventDate "2025.06.03"]

1. e4 d5 2. exd5 Nf6 3. d4 Qxd5 4. c4 Qa5+ 5. Nc3 e5 6. dxe5 Qxe5+ 7. Be2 Bg4 8.
Be3 Bxe2 9. Qxe2 Bb4 10. Nf3 Bxc3+ 11. bxc3 Qe7 12. Rb1 b6 13. Bf4 Na6 14. Qxe7+
Kxe7 15. O-O Rhe8 16. Be5 Kf8 17. Bxf6 gxf6 18. Rfe1 Rxe1+ 19. Rxe1 Rd8 20. Nd4
Nc5 21. Nb5 Na4 22. Nxc7 Nxc3 23. g3 Nxa2 24. Nd5 b5 25. Nxf6 bxc4 26. Ra1 Rd2
27. Ne4 Re2 0-1

[Event "Titled Tue 3rd Jun Early"]
[Site "chess.com INT"]
[Date "2025.06.03"]
[Round "6"]
[White "Ishvi, Aggarwal"]
[Black "Moghaddamian, Afshin"]
[Result "0-1"]
[WhiteTitle "WCM"]
[BlackTitle "CM"]
[WhiteElo "1954"]
[BlackElo "2126"]
[WhiteFideId "25728890"]
[BlackFideId "12503886"]
[EventDate "2025.06.03"]

1. d4 Nf6 2. c4 g6 3. g3 Bg7 4. Bg2 d5 5. cxd5 Nxd5 6. Nf3 Nb6 7. Nc3 O-O 8. O-O
Nc6 9. d5 Na5 10. e4 c6 11. Bf4 Nac4 12. Qb3 cxd5 13. Nxd5 Nxd5 14. exd5 Nd6 15.
Rac1 Bf5 16. Rfe1 Qd7 17. Nd4 Bxd4 18. Qb4 Bg7 19. Rxe7 Qxe7 20. Bxd6 Qd7 21.
Bxf8 Bxf8 22. Qb3 Bd6 23. h4 Rc8 24. Re1 h5 25. Bf3 Rc2 26. Be4 Bxe4 27. Rxe4
Rc1+ 28. Kg2 Rc8 29. Qe3 a6 30. Qb6 Bc5 31. Qb3 b5 32. Rf4 Bd6 33. Rd4 Qf5 34.
Rd2 Qe4+ 35. Qf3 Qxf3+ 36. Kxf3 Kf8 0-1

[Event "Titled Tue 3rd Jun Early"]
[Site "chess.com INT"]
[Date "2025.06.03"]
[Round "6"]
[White "Iljin, Timofey"]
[Black "Dreelinck, Jacob"]
[Result "0-1"]
[WhiteTitle "IM"]
[BlackTitle "FM"]
[WhiteElo "2242"]
[BlackElo "2262"]
[WhiteFideId "14110180"]
[BlackFideId "250511"]
[EventDate "2025.06.03"]

1. e4 c5 2. Nc3 e6 3. g3 d5 4. exd5 exd5 5. Bg2 d4 6. Qe2+ Ne7 7. Nd5 Nc6 8. d3
Be6 9. Nf4 Bd7 10. Nf3 g6 11. Nd5 Bg7 12. Bg5 Be6 13. Nf6+ Kf8 14. Ne4 h6 15.
Bd2 b6 16. h4 Qd7 17. h5 f5 18. Neg5 hxg5 19. Nxg5 Bd5 20. Bxd5 Qxd5 21. Ne6+
Kf7 22. Ng5+ Kf8 23. O-O-O Qxa2 24. Bf4 Qa1+ 25. Kd2 Qa5+ 26. Kc1 Qa1+ 27. Kd2
Qa5+ 28. c3 dxc3+ 29. Kc2 Nd4+ 30. Kb1 c2+ 31. Kc1 Nxe2+ 32. Kxc2 Nxf4 33. gxf4
Qb4 34. Rb1 Nd5 35. Ne6+ Kf7 36. Ng5+ Kg8 37. hxg6 Rxh1 38. Rxh1 Qxb2+ 39. Kd1
Nc3+ 40. Ke1 Qe2# 0-1

[Event "Titled Tue 3rd Jun Early"]
[Site "chess.com INT"]
[Date "2025.06.03"]
[Round "6"]
[White "Goryachkina, Aleksandra"]
[Black "Karvatskyi, Oleksii"]
[Result "1-0"]
[WhiteTitle "GM"]
[BlackTitle "CM"]
[WhiteElo "2544"]
[BlackElo "2248"]
[WhiteFideId "4147103"]
[BlackFideId "14191059"]
[EventDate "2025.06.03"]

1. c4 Nf6 2. Nc3 g6 3. g3 Bg7 4. Bg2 c6 5. Nf3 O-O 6. d4 d5 7. cxd5 cxd5 8. Ne5
Nc6 9. Bf4 Bf5 10. Nxc6 bxc6 11. Rc1 Rc8 12. O-O Qd7 13. Qd2 Bh3 14. Rfd1 Bxg2
15. Kxg2 Rfd8 16. Be5 Qe6 17. Bxf6 Bxf6 18. Na4 h5 19. Nc5 Qf5 20. Qd3 Qg5 21.
h4 Qh6 22. b3 e5 23. Qf3 Qg7 24. dxe5 Bxe5 25. e3 Re8 26. Rc2 f5 27. Nd3 Bd6 28.
Rdc1 Qd7 29. b4 a6 30. Nc5 Qa7 31. Nb3 Qb6 32. Rxc6 1-0

[Event "Titled Tue 3rd Jun Early"]
[Site "chess.com INT"]
[Date "2025.06.03"]
[Round "6"]
[White "Skiadopoulos, Nikolaos"]
[Black "Fernandes, Rogerio Paulo Muller"]
[Result "1/2-1/2"]
[WhiteTitle "CM"]
[WhiteElo "1882"]
[BlackElo "2241"]
[WhiteFideId "4200772"]
[BlackFideId "2101599"]
[EventDate "2025.06.03"]

1. e4 e6 2. d4 d5 3. e5 c5 4. c3 Nc6 5. Nf3 Qb6 6. a3 cxd4 7. Bd3 f5 8. exf6
Nxf6 9. O-O e5 10. Nxe5 Nxe5 11. Re1 Kf7 12. Rxe5 Bd6 13. cxd4 Bg4 14. Be2 Bxe2
15. Qxe2 Bxe5 16. dxe5 Ne4 17. Nc3 Nxc3 18. bxc3 Rhe8 19. Qd3 Kg8 20. Be3 Qe6
21. f4 b6 22. Bd4 g6 23. h3 Qf5 24. Qb5 Qxf4 25. Rf1 Qe4 26. Qd7 Rf8 27. Qe6+
Kg7 28. Qe7+ Kg8 29. Qe6+ Kg7 30. Qe7+ Kg8 31. Qe6+ 1/2-1/2

[Event "Titled Tue 3rd Jun Early"]
[Site "chess.com INT"]
[Date "2025.06.03"]
[Round "6"]
[White "Xiong, Jeffery"]
[Black "Lortkipanidze, Nodar"]
[Result "1-0"]
[WhiteTitle "GM"]
[BlackTitle "IM"]
[WhiteElo "2636"]
[BlackElo "2359"]
[WhiteFideId "2047640"]
[BlackFideId "13604058"]
[EventDate "2025.06.03"]

1. e4 c5 2. Nf3 d6 3. Nc3 Nf6 4. d4 cxd4 5. Qxd4 Nc6 6. Qd3 h6 7. Nd5 e6 8.
Nxf6+ Qxf6 9. c3 Be7 10. Be2 O-O 11. O-O Rd8 12. Be3 d5 13. Rfd1 b6 14. exd5
Rxd5 15. Qe4 Bb7 16. Rxd5 exd5 17. Qxd5 Rd8 18. Qe4 Bc5 19. Bxc5 bxc5 20. Re1
Ba8 21. Qe3 Ne7 22. Qxc5 Nd5 23. g3 Re8 24. Bd3 Rd8 25. Nd4 Nf4 26. gxf4 Qxf4
27. Qf5 1-0

[Event "Titled Tue 3rd Jun Early"]
[Site "chess.com INT"]
[Date "2025.06.03"]
[Round "6"]
[White "Lopez Abreu, Michel Samuel"]
[Black "Garcia Alarcon, Alvaro COL"]
[Result "1/2-1/2"]
[WhiteTitle "FM"]
[BlackTitle "FM"]
[WhiteElo "2038"]
[BlackElo "2105"]
[WhiteFideId "3927903"]
[BlackFideId "4400330"]
[EventDate "2025.06.03"]

1. d4 d6 2. Nf3 g6 3. Bf4 Bg7 4. Nbd2 Nc6 5. c3 e5 6. dxe5 dxe5 7. Bg3 Nge7 8.
e3 O-O 9. Nb3 h6 10. Qxd8 Rxd8 11. Be2 Be6 12. h3 b6 13. O-O f5 14. Rfd1 a5 15.
Nbd2 e4 16. Nd4 Nxd4 17. cxd4 Rd7 18. Nc4 Kf7 19. a3 Nd5 20. Rdc1 g5 21. Ne5+
Bxe5 22. Bxe5 Ra7 23. Rc6 Ne7 24. Rc2 c6 25. Rac1 Bd5 26. Bc4 Ke6 27. Bxd5+ cxd5
28. Bg7 h5 29. Bh6 g4 30. hxg4 hxg4 31. Bg5 Rd6 32. Rc7 Rxc7 33. Rxc7 Rd7 34.
Rc3 b5 35. Rb3 Rb7 36. Bxe7 Kxe7 37. Rc3 Kd6 38. Rc5 Rb6 39. b4 axb4 40. axb4
Rb8 41. Kf1 Ra8 42. Rxb5 Ra1+ 43. Ke2 Ra2+ 44. Ke1 Ra1+ 45. Ke2 Ra2+ 46. Kf1
Ra1+ 47. Ke2 1/2-1/2

[Event "Titled Tue 3rd Jun Early"]
[Site "chess.com INT"]
[Date "2025.06.03"]
[Round "6"]
[White "Kawka, Milena"]
[Black "Wyss, Jonas"]
[Result "1-0"]
[WhiteTitle "WCM"]
[BlackTitle "FM"]
[WhiteElo "2004"]
[BlackElo "2278"]
[WhiteFideId "21095167"]
[BlackFideId "1311387"]
[EventDate "2025.06.03"]

1. e4 c6 2. d4 d5 3. e5 c5 4. Nf3 cxd4 5. Nxd4 Nc6 6. Nxc6 bxc6 7. Bd3 e6 8. O-O
Ne7 9. Nd2 Ng6 10. Nf3 Be7 11. g3 O-O 12. h4 f6 13. exf6 Bxf6 14. h5 Ne5 15.
Nxe5 Bxe5 16. Qe2 Qd6 17. f4 Bd4+ 18. Kg2 e5 19. fxe5 Qxe5 20. Rxf8+ Kxf8 21.
Qf3+ Kg8 22. c3 Bb6 23. Bf4 Qf6 24. Re1 Bf5 25. Be5 Qf7 26. Qxf5 Qxf5 27. Bxf5 1-0

[Event "Titled Tue 3rd Jun Early"]
[Site "chess.com INT"]
[Date "2025.06.03"]
[Round "6"]
[White "Goldin, Roman"]
[Black "Berezin, Viktor RUS"]
[Result "1-0"]
[WhiteTitle "FM"]
[BlackTitle "FM"]
[WhiteElo "2296"]
[BlackElo "1921"]
[WhiteFideId "2803860"]
[BlackFideId "4128869"]
[EventDate "2025.06.03"]

1. d4 Nf6 2. g3 g6 3. Bg2 Bg7 4. e4 d6 5. Nc3 O-O 6. h3 c5 7. d5 e6 8. Nf3 exd5
9. exd5 Re8+ 10. Be3 a6 11. a4 b6 12. O-O Nbd7 13. Re1 Rb8 14. Bf4 Qc7 15. Rxe8+
Nxe8 16. Qe2 Ndf6 17. Nd2 Bf5 18. Nc4 Qd7 19. g4 Bxg4 20. hxg4 Nxg4 21. Re1 Ne5
22. Nxe5 dxe5 23. Bxe5 Rc8 24. Bxg7 Kxg7 25. Qe5+ Kg8 26. Kh2 Ng7 27. Ne4 Qg4
28. Nf6+ 1-0

[Event "Titled Tue 3rd Jun Early"]
[Site "chess.com INT"]
[Date "2025.06.03"]
[Round "6"]
[White "Piesik, Piotr"]
[Black "Ristic, Nebojsa M"]
[Result "1-0"]
[WhiteTitle "IM"]
[BlackTitle "IM"]
[WhiteElo "2436"]
[BlackElo "2248"]
[WhiteFideId "1136194"]
[BlackFideId "900850"]
[EventDate "2025.06.03"]

1. Nf3 Nf6 2. g3 b6 3. Bg2 Bb7 4. O-O g6 5. c4 Bg7 6. Nc3 O-O 7. d3 c5 8. e4 d6
9. Ne1 Nc6 10. f4 e5 11. f5 Nd4 12. g4 h6 13. g5 hxg5 14. Bxg5 Qd7 15. Bh3 Nh7
16. Be3 gxf5 17. Bxf5 Nxf5 18. Rxf5 Kh8 19. Nd5 Bxd5 20. cxd5 Rg8 21. Kh1 Bf6
22. Qh5 Rg6 23. Nf3 Rag8 24. Rg1 Qb5 25. Rxf6 Rxf6 26. Ng5 Rg7 27. Qh4 Rfg6 28.
Nxf7+ Rxf7 29. Rxg6 Rf1+ 30. Kg2 Rf8 31. Qe7 Rg8 32. Rxg8+ Kxg8 33. Bh6 Qxb2+
34. Kh3 Qf2 35. Qg7# 1-0

[Event "Titled Tue 3rd Jun Early"]
[Site "chess.com INT"]
[Date "2025.06.03"]
[Round "6"]
[White "Gutierrez Olivares, Daniel"]
[Black "Tan, Zhongyi"]
[Result "0-1"]
[WhiteTitle "FM"]
[BlackTitle "GM"]
[WhiteElo "2354"]
[BlackElo "2536"]
[WhiteFideId "2264005"]
[BlackFideId "8603642"]
[EventDate "2025.06.03"]

1. Nf3 d5 2. c4 d4 3. e3 c5 4. exd4 cxd4 5. Bd3 Nc6 6. a3 a5 7. O-O g6 8. Re1
Bg7 9. Bf1 e5 10. d3 Nge7 11. Nbd2 O-O 12. Rb1 a4 13. h3 h6 14. b4 axb3 15. Nxb3
Ra7 16. g3 b6 17. Bd2 Rxa3 18. Qc1 Ra2 19. Bxh6 Be6 20. Bxg7 Kxg7 21. Nxe5 Nxe5
22. Rxe5 Nc6 23. Re1 Qf6 24. Rb2 Rfa8 25. Qb1 Nb4 26. Ree2 R2a3 27. Re4 Bf5 28.
Rxd4 Rxb3 29. Rxb3 Qxd4 30. Rxb4 Ra1 31. Qc2 Rxf1+ 32. Kxf1 Bxd3+ 0-1

[Event "Titled Tue 3rd Jun Early"]
[Site "chess.com INT"]
[Date "2025.06.03"]
[Round "6"]
[White "Le, Minh Tu"]
[Black "Jimenez Fernandez, Rebeca"]
[Result "1-0"]
[WhiteTitle "FM"]
[BlackTitle "WFM"]
[WhiteElo "1932"]
[BlackElo "2163"]
[WhiteFideId "12404888"]
[BlackFideId "32070934"]
[EventDate "2025.06.03"]

1. e4 c5 2. d4 cxd4 3. c3 Nf6 4. e5 Nd5 5. cxd4 d6 6. Nf3 Nc6 7. Bc4 dxe5 8.
dxe5 Ndb4 9. Qb3 e6 10. O-O Na5 11. Bb5+ Bd7 12. Bxd7+ Qxd7 13. Qc3 Rc8 14. Qe1
Nc2 15. Qxa5 Nxa1 16. Nc3 Nc2 17. Rd1 Qc7 18. Qa4+ Qc6 19. Qxc2 Bc5 20. Ng5 h6
21. Nge4 O-O 22. Bxh6 gxh6 23. Nf6+ 1-0